000 00465nam a2200133Ia 4500
008 151001s9999||||xx |||||||||||||| ||und||
100 _aगं दे खानोलकर
245 _aमराठी वाड्मय कोश खंड १
250 _a1
260 _bमहाराष्ट्र राज्य साहित्य संस्कुती मंडळ मुंबई
260 _c१९७७
300 _a464
365 _b22
999 _c1000754
_d1000751